000 01101nam a22002657a 4500
003 BR-ViAPE
005 20260514121154.0
008 260514s2014 porabcogs|||| 001 0 por d
020 _q978-85-98928-19-7
040 _cBR-ViAPE
245 _aÍndios Botocudos do Espírito Santo no século XIX
246 _aUeber die Botocudos der brasilianischen provizen Espiritu Santo und Minas Geraes
260 _aVitória
_bArquivo Público do Estado do Espírito Santo
_c2014
300 _a152 p.
_bil.
300 _bLivro disponível em PDF
490 _aColeção Canaã
_vv. 21
500 _aObra disponibilizada em PDF por integrar a Coleção Canaã do APEES.
650 _aIndígenas
_xBotocudos
_xHistória
_xAntropologia
_zEspírito Santo (Brasil)
651 _aEspírito Santo (Brasil)
700 _aBaldus, Sara
_etradutora
700 _aBentivoglio, Julio
_eorganizador
710 _aArquivo Público do Estado do Espírito Santo
856 _uhttps://ape.es.gov.br/Media/ape/PDF/Livros/MIOLO_LivroIndiosBotocudos_Jun2014_041214.pdf
_yCLIQUE AQUI PARA ACESSAR O DOCUMENTO
942 _2ddc
_cBK
_n1
999 _c667
_d667